О награждении орденом Ленина Магомедова Чеки-Даг-Рогинской группы Урбура /Азнефть/

Доступно только в Электронных читальных залах Найти на картеНа карте
RUSMARC
00004679nac2a22003133x 450
00115ddff5b-3a8f-4728-9735-f2c8a53c0b94
00520240809044858.0
100##$a20240716l19321932k y0rusy50 ca
1010#$arus
102##$aRU
105##$ay z |||||
1222#$ad19320908
$ad19320916
2001#$aО награждении орденом Ленина Магомедова Чеки-Даг-Рогинской группы Урбура /Азнефть/
$j08.09.1932 - 16.09.1932
215##$a8 листов
$d35,6 х 24,5
251##$cДело
300##$aЗаголовок дела на папке: О награждении орденом Ленина тов. Магомедова, Чеки-Даг-Рагинской группы Урбура /Азнефть/
300##$aЧасть текста машинописная с рукописными пометками, часть - напечатана типографским способом
461#0$1001796d4672-8a00-4986-b488-6e42273792cc
$12001
$aЦЕНТРАЛЬНЫЙ ИСПОЛНИТЕЛЬНЫЙ КОМИТЕТ СССР (ЦИК СССР).
$1251
$cФонд
$1852
$gР
$j3316
462#0$10010e4f070e-6618-4dbd-8052-a0bac09a3d58
$12001
$aДела Секретариата Президиума ЦИК Союза ССР. 1932 г.
$vД. 363
$1251
$cОпись
$1852
$j25
5171#$aО награждении орденом Ленина тов. Магомедова, Чеки-Даг-Рагинской группы Урбура /Азнефть/
600#1$aМагомедов
60102$aАзнефть
$bЧеки-Даг-Рагинская группа Урбура
605##$3DITM\AF\0000002775
$aВласть
$lколлекция
$2acquisition_prlib
6101#$aНаграждение
$aОрден Ленина
686##$a63.3(2)61-332ю1
$cИстория
$2rubbk
686##$a67.400.6ю1
$cПраво
$2rubbk
801#0$aRU
$bGA_RF
801#1$aRU
$bГлавНИВЦ
$c20240716
$2rusmarc
801#2$aRU
$bПБ им. Б.Н. Ельцина
$c20240809
$gRCR
$2rusmarc
852##$aГА РФ
$j363
937##$d193510024
$hГАРФ
035##$aRuPRLIB51075792
856##$uhttp://readingroom.main.prlib.ru/item.aspx?id_node=n193510024&mode=full
Формат отображения